| 000 | 00461nam a22001457a 4500 | ||
|---|---|---|---|
| 008 | 240607b |||||||| |||| 00| 0 eng d | ||
| 020 | _a0709927770 | ||
| 050 | _aHB103.R5 | ||
| 100 |
_aWood John .C _952857 |
||
| 245 |
_aDavid Ricardo; _bcritical assessments. _cJohn C. Wood. |
||
| 260 |
_aLondon: _bCroom Helm _c1985. |
||
| 300 |
_a671p _c24cm, |
||
| 600 |
_aRicardo,David; _veconomics, _xhistory, _y19th century, _zGreat Britain. _952858 |
||
| 942 |
_2lcc _cMONOGRAPH |
||
| 999 |
_c131943 _d131943 |
||